| 000 | 00435cam a22001337a 4500 | ||
|---|---|---|---|
| 008 | 180718b2002 xxu||||| |||| 00| 0 eng d | ||
| 082 | _aA81x54 01/32/PAP1/01 | ||
| 100 | _aCensus of India 2001 | ||
| 245 | _aLakshadweep: provisional population totals | ||
| 260 |
_aDelhi _bController of Publications _c2002 |
||
| 300 | _a93+p. | ||
| 440 | _aCensus of India 2001. Series-32, Lakshadweep. Paper-1 of 2001 | ||
| 650 | _aLakshadweep - Census | ||
| 999 |
_c491027 _d491027 |
||